LIBRARY & INFORMATION CENTRE, KCAET, TAVANUR

ONLINE PUBLIC ACCESS CATALOGUE (OPAC)

The God of Small Things (Record no. 15655)

MARC details
000 -LEADER
fixed length control field 00359nam a22001457a 4500
003 - CONTROL NUMBER IDENTIFIER
control field OSt
008 - FIXED-LENGTH DATA ELEMENTS--GENERAL INFORMATION
fixed length control field 190523b ||||| |||| 00| 0 eng d
020 ## - INTERNATIONAL STANDARD BOOK NUMBER
ISBN 9780143028574
082 ## - DEWEY DECIMAL CLASSIFICATION NUMBER
Classification number 823
Item number ROY/TH
100 ## - MAIN ENTRY--AUTHOR NAME
Personal name Roy, Arundhati
245 ## - TITLE STATEMENT
Title The God of Small Things
260 ## - PUBLICATION, DISTRIBUTION, ETC. (IMPRINT)
Place of publication Haryana
Name of publisher Penguin Random House India
Year of publication 2002
300 ## - PHYSICAL DESCRIPTION
Number of Pages 340 p.
942 ## - ADDED ENTRY ELEMENTS (KOHA)
Koha item type Books
Holdings
Withdrawn status Lost status Damaged status Collection code Home library Current library Shelving location Date acquired Cost, normal purchase price Full call number Accession Number Koha item type
      Non-fiction KAUAET KAUAET General Stacks 23/05/2019 450.00 823 ROY/TH 25865 Books
free website counter